Online
Catalog

Una satrapía en el Caribe / (Record no. 55423)

MARC details
000 -CABECERA
campo de control de longitud fija 01568nam a2200301 i 4500
003 - IDENTIFICADOR DEL NÚMERO DE CONTROL
campo de control DO-SdBNP
005 - FECHA Y HORA DE LA ÚLTIMA TRANSACCIÓN
campo de control 20250506100419.0
007 - CAMPO FIJO DE DESCRIPCIÓN FÍSICA--INFORMACIÓN GENERAL
campo de control de longitud fija ta
008 - DATOS DE LONGITUD FIJA--INFORMACIÓN GENERAL
campo de control de longitud fija 231108b2002 dr ||||| |||| 00| 0 spa d
020 ## - NÚMERO INTERNACIONAL ESTÁNDAR DEL LIBRO
Número Internacional Estándar del Libro 9993490032
040 ## - FUENTE DE LA CATALOGACIÓN
Centro catalogador/agencia de origen DO-SdBNP
Lengua de catalogación spa
Centro/agencia transcriptor BNPHU
Normas de descripción rda
082 #4 - NÚMERO DE LA CLASIFICACIÓN DECIMAL DEWEY
Número de clasificación 972.93053
Número de documento/Ítem A451u
Número de edición 22
100 ## - ENTRADA PRINCIPAL--NOMBRE DE PERSONA
Nombre de persona Almoina, José,
Fechas asociadas al nombre 1903-1960
9 (RLIN) 1865
Término indicativo de función/relación autor
245 10 - MENCIÓN DE TÍTULO
Título Una satrapía en el Caribe /
Mención de responsabilidad, etc. José Almoina.
264 ## - PRODUCCIÓN, PUBLICACIÓN, DISTRIBUCIÓN, FABRICACIÓN Y COPYRIGHT
Producción, publicación, distribución, fabricación y copyright Santo Domingo :
Nombre del de productor, editor, distribuidor, fabricante Letra Gráfica,
Fecha de producción, publicación, distribución, fabricación o copyright 2002.
300 ## - DESCRIPCIÓN FÍSICA
Extensión 215 páginas ;
Dimensiones 23 cm.
336 ## - TIPO DE CONTENIDO
Fuente rdacontent
Término de tipo de contenido texto
Código de tipo de contenido txt
337 ## - TIPO DE MEDIO
Fuente damedia
Nombre/término del tipo de medio sin mediación
Código del tipo de medio n
338 ## - TIPO DE SOPORTE
Fuente rdacarrier
Nombre/término del tipo de soporte volumen
Código del tipo de soporte nc
490 ## - MENCIÓN DE SERIE
Mención de serie Historia
500 ## - NOTA GENERAL
Nota general Incluye índice onomástico
505 0# - NOTA DE CONTENIDO CON FORMATO
Nota de contenido con formato Presentación a la edición dominicana --
Título Aclaración importante --
-- Dedicatoria --
-- Advertencia indispensable --
-- La familia de Trujillo --
-- La familia de Chapita --
-- Los que rodean al sátrapa: alcahuetes, bufones, lacayos y aduladores --
-- Tretas de que se valió el megalomaníaco Trujillo para captar el poder --
-- ¿Cómo se sostiene el sátrapa? --
-- La ferocidad más que neroniana del mulato Chapita --
-- Inexistencia de los poderes legislativo y judicial y trasiegos burocráticos --
-- Un régimen monopolista --
-- La política internacional del tirano --
-- Documentos y noticias corroborantes --
-- Índice onomástico.
590 ## - NOTA LOCAL (RLIN)
Nota local Inventariado, 2023/BT
600 10 - PUNTO DE ACCESO ADICIONAL DE MATERIA--NOMBRE DE PERSONA
Nombre de persona Trujillo Molina, Rafael Leónidas,
Fechas asociadas al nombre 1891-1961
651 #4 - PUNTO DE ACCESO ADICIONAL DE MATERIA--NOMBRE GEOGRÁFICO
Nombre geográfico República Dominicana
Subdivisión general Política y gobierno
Subdivisión cronológica Era de Trujillo, 1930-1961
9 (RLIN) 1374
910 ## - DATOS DE OPCIÓN DEL USUARIO (OCLC)
Datos de opción del usuario Btavárez
942 ## - ELEMENTOS DE PUNTO DE ACCESO ADICIONAL (KOHA)
Fuente del sistema de clasificación o colocación Dewey Decimal Classification
Tipo de ítem Koha Libro
Holdings
Estado de retiro Estado de pérdida Fuente del sistema de clasificación o colocación Restricciones de uso No para préstamo Código de colección Localización permanente Ubicación/localización actual Ubicación en estantería Fecha de adquisición Fuente de adquisición Total de préstamos Signatura topográfica completa Código de barras Fecha visto por última vez Precio válido a partir de Tipo de ítem Koha
    Dewey Decimal Classification Excluido de préstamo   Patrimonio Dominicano Biblioteca Nacional Pedro Henríquez Ureña Biblioteca Nacional Pedro Henríquez Ureña En catalogación 08.11.2023 Compra   BNPHU PD 972.93053 A451u 2023-7668 08.11.2023 08.11.2023 Libro

Powered by Koha